Những nội dung cơ bản của pháp lệnh giống cây trồng pháp lệnh giống vật nuôi

保存先:
書誌詳細
フォーマット: 図書
言語:Undetermined
出版事項: Hà Nội Tư Pháp 2004
主題:
タグ: タグ追加
タグなし, このレコードへの初めてのタグを付けませんか!
Thư viện lưu trữ: Trung tâm Học liệu Trường Đại học Cần Thơ
LEADER 00607nam a2200181Ia 4500
001 CTU_73761
008 210402s9999 xx 000 0 und d
020 |b 13000 
082 |a 354.5 
082 |b Nh556 
245 0 |a Những nội dung cơ bản của pháp lệnh giống cây trồng pháp lệnh giống vật nuôi 
245 0 |c Vụ Công tác lập pháp 
260 |a Hà Nội 
260 |b Tư Pháp 
260 |c 2004 
650 |a agricultural administration,agriculture and state 
904 |i Mai Loan 
980 |a Trung tâm Học liệu Trường Đại học Cần Thơ